[Event "TCh-AUT 2nd Ost 2013-14"]
[Site "Zwettl AUT"]
[Date "2013.11.24"]
[Round "4.3"]
[White "Rumpl,E"]
[Black "Blatny,P"]
[Result "0-1"]
[WhiteElo "2308"]
[BlackElo "2414"]

1.Nf3 d5 2.c4 c6 3.b3 e6 4.g3 f5 5.Bg2 Be7 6.Bb2 Bf6 7.Bxf6 Qxf6 8.d4 Nd7
9.Na3 Ne7 10.Nc2 g5 11.Qd2 g4 12.Nh4 Ng6 13.Nxg6 hxg6 14.cxd5 exd5 15.h3 gxh3
16.Bxh3 Nf8 17.O-O-O Ne6 18.Bg2 Rxh1 19.Rxh1 Bd7 20.Qe3 O-O-O 21.f4 Re8 22.Qd2 Rh8
23.e3 Rxh1+ 24.Bxh1 Qh8 25.Bf3 Qh3 26.Qg2 Qxg2 27.Bxg2 Ng7 28.Bf3 Kd8 29.Kd2 Ke7
30.Ne1 Kf6 31.Nd3 g5 32.fxg5+ Kxg5 33.Nc5 Bc8 34.Nd3 Ne8 35.Nf4 Nd6 36.Nh3+ Kf6
37.Nf4 Bd7 38.Ke2 Be8 39.Kd2 Bf7 40.Ke2 Ke7 41.Nd3 Ne8 42.Kd2 Nf6 43.Nf4 Kd6
44.Kc3 Nh7 45.Bg2 Ng5 46.Kd2 Ke7 47.Kc3 Kf6 48.Kd2 Kg7 49.Ke2 Kh6 50.Kf2 Bh5
51.Nd3 Ne6 52.Nc5 Nd8 53.Bf1 Kg5 54.Bd3 Be8 55.Be2 Kf6 56.Ke1 b6 57.Nd3 Ne6
58.Bf3 Ng5 59.Kf2 Ke6 60.Bg2 Kd6 61.b4 Bf7 62.Bf3 Ne4+ 63.Bxe4 dxe4 64.Ne5 Bxa2
65.g4 fxg4 66.Nxg4 Kd5 67.Ne5 a5 68.bxa5 bxa5 69.Ke2 Kd6 70.Kd2 Kc7 71.Kc3 Kb6
72.Nc4+ Bxc4 73.Kxc4 Ka6 74.Kc5 Kb7 75.d5 cxd5 76.Kxd5 a4 77.Kc4 Kc6  0-1

[Event "29th Voivoda Cup"]
[Site "Legnica POL"]
[Date "2013.11.26"]
[Round "8"]
[White "Maksimenko,An"]
[Black "Dastan,B"]
[Result "1-0"]
[WhiteElo "2545"]
[BlackElo "2410"]

1.Nf3 d5 2.c4 c6 3.e3 Nf6 4.Nc3 e6 5.Qc2 Nbd7 6.b3 Bd6 7.Bb2 Qe7 8.Be2 dxc4
9.Bxc4 b5 10.Be2 Bb7 11.Ng5 Ba3 12.Bxa3 Qxa3 13.d4 O-O 14.O-O Rac8 15.Rfc1 a6
16.Nce4 Qe7 17.Nxf6+ Nxf6 18.Bd3 h6 19.Ne4 Nxe4 20.Bxe4 e5 21.dxe5 Qxe5 22.Bf3 Rfd8
23.Rd1 g6 24.h3 Rxd1+ 25.Rxd1 Rc7 26.Rd8+ Kh7 27.Qd2 Bc8 28.Qd4 Qxd4 29.exd4 Kg7
30.b4 h5 31.a3 Bb7 32.Kf1 Kf6 33.Ke2 Ke7 34.Rh8 Rd7 35.Ke3 Kd6 36.Re8 Rc7
37.Kf4 Bc8 38.Rd8+ Ke7 39.Rh8 Kf6 40.h4 Be6 41.Ra8 Bc8 42.Be4 Bb7 43.Rb8 Ke7
44.g3 Rd7 45.Ke5 f6+ 46.Kf4 Kf7 47.d5 Rc7 48.d6 Rd7 49.Bb1 Ke6 50.Bxg6 Kxd6
51.Bxh5 c5 52.Bg4 Re7 53.bxc5+ Kxc5 54.Bf5 Bc6 55.h5 Re2 56.f3 Rh2 57.g4 a5
58.Rc8 Kd6 59.Kg3 Rh1 60.Kg2 Rh4 61.Kg3 Rh1 62.Kg2 Rh4 63.Rf8 Ke7 64.Rc8 Kd6
65.Rd8+ Ke7 66.Rd1 b4 67.axb4 axb4 68.Kg3  1-0

[Event "XXVII Belgrade Trophy"]
[Site "Obrenovac SRB"]
[Date "2013.11.26"]
[Round "3.20"]
[White "Cabrilo,G"]
[Black "Popovic,Ml"]
[Result "1-0"]
[WhiteElo "2404"]
[BlackElo "2156"]

1.Nf3 d5 2.c4 d4 3.g3 Nc6 4.Bg2 e5 5.O-O Be7 6.d3 h5 7.b4 Bf6 8.b5 Nce7 9.h4 Nh6
10.Nbd2 g6 11.Ne4 Bg7 12.Bxh6 Rxh6 13.Qd2 Rh8 14.e3 dxe3 15.Qxe3 Nf5 16.Qe2 Nd4
17.Nxd4 Qxd4 18.Ng5 f6 19.Nf3 Qg4 20.Qe3 Kf7 21.Rfe1 Re8 22.d4 Kg8 23.dxe5 fxe5
24.Rac1 Bd7 25.Nxe5  1-0

[Event "5th Pilsen Open 2013"]
[Site "Plzen CZE"]
[Date "2013.11.26"]
[Round "3"]
[White "Novy,Jan"]
[Black "Zoubek,Vladimir"]
[Result "0-1"]
[WhiteElo "1706"]
[BlackElo "1654"]

1.Nf3 d5 2.c4 c6 3.e3 Nf6 4.d4 Bg4 5.Nc3 e6 6.Bd3 Bb4 7.O-O Bd6 8.c5 Be7
9.Qb3 Bxf3 10.gxf3 b6 11.Na4 Nbd7 12.Qc2 e5 13.cxb6 axb6 14.Qxc6 O-O 15.Bd2 Qb8
16.Rac1 Qa7 17.Nc3 Rfc8 18.Qb5 Qb7 19.a3 Ra5 20.Qb3 Raa8 21.Nb5 e4 22.Be2 Nf8
23.f4 Qd7 24.Rxc8 Rxc8 25.Qd1 Qh3 26.Kh1 h5 27.Rg1 N8h7 28.Rg3 Qf5 29.Nc3 Kf8
30.Qg1 g6 31.h4 Nd7 32.Bxh5 Qxh5 33.Rh3 b5 34.Nxb5 Rc2 35.Bb4 Bxb4 36.axb4 Rd2
37.Nc3 Rxb2 38.b5 Nb6 39.Qe1 Nc4 40.Kg2 Nf6 41.Qa1 Kg7 42.Qe1 Ng4 43.Nd1 Rxb5
44.Nc3 Rb2 45.Kg1 Nf6 46.Rh2 Rd2 47.Rg2 Qxh4 48.f5 Ng4 49.f6+ Kxf6  0-1

[Event "73rd ch-ITA"]
[Site "Rome ITA"]
[Date "2013.11.26"]
[Round "6.5"]
[White "Dvirnyy,D"]
[Black "De Filomeno,S"]
[Result "1-0"]
[WhiteElo "2560"]
[BlackElo "2431"]

1.Nf3 d5 2.c4 d4 3.b4 f6 4.Qa4+ Bd7 5.Qb3 e5 6.e3 c5 7.b5 e4 8.Ng1 d3 9.Nc3 f5
10.f3 Bd6 11.Nh3 Nf6 12.Bb2 Be6 13.Ng5 Bg8 14.fxe4 h6 15.e5 hxg5 16.exf6 Bg3+
17.Kd1 Rh4 18.fxg7 Be5 19.Nd5 Bxb2 20.Qxb2 Bxd5 21.Qe5+ Kf7 22.cxd5 c4 23.Qxf5+ Kxg7
24.g3 Rh8 25.Rc1  1-0

[Event "St Louis Classic IM 2013"]
[Site "Saint Louis USA"]
[Date "2013.11.26"]
[Round "7.5"]
[White "Bregadze,L"]
[Black "Kavutskiy,K"]
[Result "1/2-1/2"]
[WhiteElo "2396"]
[BlackElo "2275"]

1.Nf3 d5 2.c4 d4 3.e3 Nc6 4.Qa4 Bd7 5.Qb3 e5 6.Be2 Nf6 7.d3 Bb4+ 8.Bd2 a5
9.O-O O-O 10.e4 h6 11.Qd1 Ne8 12.a3 Bc5 13.Be1 f5 14.Nbd2 f4 15.b4 axb4 16.Nb3 Be7
17.axb4 Rxa1 18.Qxa1 Bg4 19.b5 Nb8 20.h3 Bh5 21.Qd1 Bxf3 22.Bxf3 Nd7 23.Na5 Qa8
24.Bg4 Nc5 25.Bb4 Nf6 26.Nb3 Qa7 27.Bxc5 Bxc5 28.Qa1 Qb6 29.Qa5 Qd6 30.Nxc5 Qxc5
31.Be6+ Kh7 32.Ra1 Re8 33.Bg4 h5 34.Be2 Kh6 35.Qa7 Qb6 36.Qa2 Qc5 37.Qa7 Qb6
38.Qa2 Qc5  1/2-1/2

[Event "10th Vasylyshyn Memorial IM"]
[Site "Lviv UKR"]
[Date "2013.11.27"]
[Round "9"]
[White "Anwesh,U"]
[Black "Soroka,Danylo"]
[Result "1-0"]
[WhiteElo "2348"]
[BlackElo "2224"]

1.Nf3 d5 2.c4 e6 3.g3 Nf6 4.Bg2 c5 5.cxd5 exd5 6.d4 Nc6 7.O-O cxd4 8.Nxd4 Be7
9.Nc3 O-O 10.Be3 Ne5 11.Qb3 Nc4 12.Bg5 Na5 13.Qc2 Be6 14.Nf5 Rc8 15.Rad1 b5
16.Qb1 b4 17.Nxd5 Bxd5 18.Bxd5 Qe8 19.Bxf6  1-0

[Event "XXVII Belgrade Trophy"]
[Site "Obrenovac SRB"]
[Date "2013.11.27"]
[Round "4.37"]
[White "Radosavljevic,SD"]
[Black "Pihajlic,A"]
[Result "0-1"]
[WhiteElo "2226"]
[BlackElo "1854"]

1.Nf3 d5 2.c4 d4 3.g3 c5 4.b4 cxb4 5.a3 Nc6 6.axb4 Nxb4 7.Ba3 Nc6 8.d3 e5
9.Bxf8 Kxf8 10.Bg2 Nge7 11.Nbd2 h6 12.O-O g6 13.Ra3 Kg7 14.Qa1 Qc7 15.Ne1 f6
16.Nc2 h5 17.e3 dxe3 18.fxe3 h4 19.Ne4 hxg3 20.hxg3 Bf5 21.Nxf6 Kxf6 22.g4  0-1

[Event "XXVII Belgrade Trophy"]
[Site "Obrenovac SRB"]
[Date "2013.11.27"]
[Round "4.25"]
[White "Zivkovic,Nem"]
[Black "Petrovic,ZoZ"]
[Result "1-0"]
[WhiteElo "2308"]
[BlackElo "2082"]

1.Nf3 d5 2.c4 e6 3.d4 c5 4.cxd5 exd5 5.Bg5 Be7 6.Bxe7 Qxe7 7.dxc5 Qxc5 8.Nc3 Nf6
9.e3 O-O 10.Be2 a6 11.O-O Nc6 12.Na4 Qa5 13.a3 b5 14.Nc5 b4 15.Nb3 Qb6 16.a4 a5
17.Nfd4 Ne5 18.Rc1 Bd7 19.Nc5 Rac8 20.Ndb3 Be6 21.Qd4 Nc6 22.Qf4 Ne7 23.Nxe6 fxe6
24.Qd4 Nd7 25.Bb5 e5 26.Qg4 Nf6 27.Qh3 Rxc1 28.Rxc1 Ne4 29.Rf1 Nf5 30.Be2 Ng5
31.Qh5 Nxe3 32.fxe3 Qxe3+ 33.Kh1 Rxf1+ 34.Bxf1 g6 35.Qd1 d4 36.Bc4+ Kg7 37.Qe2 Qf4
38.g3 Qf5 39.h4 Nf3 40.Kg2 e4 41.Bd3 Qd5 42.Bxe4 Nxh4+ 43.gxh4 Qxb3 44.Bf3 Kf6
45.Qa6+ Kf7 46.Qa7+ Ke6 47.Qxd4 Qc2+ 48.Kg3 Qxa4 49.Bd5+ Ke7 50.Qe5+ Kd8
51.Qd6+ Qd7 52.Qxd7+ Kxd7 53.Bb3 Kd6 54.Ba4 Ke5 55.h5 g5 56.h6 Kf6 57.Bc2 a4
58.Bxa4 Kg6 59.Kg4 Kxh6 60.Bc2 Kg7 61.Kxg5 h5 62.Kxh5 Kf6 63.b3 Ke5 64.Bd3  1-0

[Event "5th Pilsen Open 2013"]
[Site "Plzen CZE"]
[Date "2013.11.29"]
[Round "6"]
[White "Jurek,J"]
[Black "Mueller,Daniel"]
[Result "1/2-1/2"]
[WhiteElo "2277"]
[BlackElo "2100"]

1.Nf3 d5 2.c4 e6 3.g3 Nf6 4.Bg2 c5 5.cxd5 exd5 6.d4 Nc6 7.O-O Be7 8.Nc3 c4
9.Ne5 O-O 10.Bg5 Be6 11.e3 h6 12.Bxf6 Bxf6 13.f4 Ne7 14.g4 Rb8 15.f5 Bc8
16.Qf3 Qd6 17.Qg3 Rd8 18.Rad1 b5 19.e4 b4 20.Nxd5 Nxd5 21.exd5 Bb7 22.Nxc4 Qxg3
23.hxg3 Bxd5 24.Bxd5 Rxd5 25.b3 Rbd8 26.Kg2 Rxd4 27.Rxd4 Rxd4 28.Rf4 Rd1
29.Re4 Ra1 30.Re2 g6 31.Nd6 Rd1 32.Ne4 Kg7 33.Rd2 Rxd2+ 34.Nxd2 Kf8 35.Nc4 Ke7
36.Kf3 Bc3 37.Kf4 Kf6 38.fxg6 fxg6 39.Na5 Be5+ 40.Kf3 Bd6 41.Nc6 a6 42.Na5  1/2-1/2

[Event "73rd ch-ITA"]
[Site "Rome ITA"]
[Date "2013.11.29"]
[Round "8.4"]
[White "Dvirnyy,D"]
[Black "David,Alb"]
[Result "1/2-1/2"]
[WhiteElo "2560"]
[BlackElo "2580"]

1.Nf3 d5 2.c4 e6 3.g3 Nf6 4.Bg2 Be7 5.O-O O-O 6.b3 b6 7.Bb2 Bb7 8.e3 c5 9.Nc3 dxc4
10.bxc4 Nc6 11.Qe2 Qc7 12.Rfd1 a6 13.Rac1 Na5 14.Nb1 Bc6 15.d4 Rfd8 16.Nbd2  1/2-1/2

[Event "1st Lima International 2013"]
[Site "Lima PER"]
[Date "2013.11.30"]
[Round "6.4"]
[White "Mendoza,Ro"]
[Black "Espinoza Palomino,W"]
[Result "0-1"]
[WhiteElo "2198"]
[BlackElo "2324"]

1.Nf3 d5 2.c4 c6 3.e3 Nf6 4.Nc3 g6 5.d4 Bg7 6.Bd3 O-O 7.O-O Bg4 8.h3 Bxf3
9.Qxf3 e6 10.b3 Nbd7 11.Ba3 Re8 12.Rac1 a6 13.Bd6 b5 14.Bh2 Qb6 15.Rc2 Rac8
16.Rfc1 dxc4 17.bxc4 b4 18.c5 Qa5 19.Nb1 e5 20.Nd2 Qa3 21.Bxe5 Qxd3 22.Nc4 Qe4
23.Bxf6 Qxf3 24.gxf3 Nxf6 25.Nd6 Nd5 26.Nxe8 Rxe8 27.Rc4 a5 28.Kh2 f5 29.a3 Bf6
30.axb4 Nxb4 31.Ra1 Bd8 32.Re1 Bc7+ 33.Kg2 Kf7 34.e4 Nd3 35.Re3 Nf4+ 36.Kf1 Rb8
37.Re1 Rb2 38.d5 cxd5 39.exd5 Nxd5 40.Rd4 Nf6 41.c6 Bb6  0-1

[Event "2nd Hyderabad GM Open 2013"]
[Site "Hyderabad IND"]
[Date "2013.12.01"]
[Round "9.13"]
[White "Stopa,Ja"]
[Black "Ziatdinov,R"]
[Result "1/2-1/2"]
[WhiteElo "2510"]
[BlackElo "2357"]

1.Nf3 d5 2.c4 e6 3.g3 Nf6 4.Bg2 Be7 5.O-O O-O 6.b3 a5 7.Nc3 c6 8.e3 b6 9.Bb2 Ba6
10.Ne5 b5 11.Nxc6 Nxc6 12.cxb5 d4 13.exd4 Nxd4 14.bxa6 Rxa6 15.Ne2 Nxe2+
16.Qxe2 Rd6 17.Rfd1 Nd5 18.Be5 Rd7 19.Bxd5 Rxd5 20.b4 Qd6 21.Qg4 g6 22.Re1 Rd8
23.Qe4 Qb6 24.Re2 h5 25.Qe3 Bc5 26.Qh6 Bd4 27.h4 a4 28.Bxd4 Rxd4 29.Qe3  1/2-1/2

[Event "9th Ugra Governor's Cup"]
[Site "Khanty-Mansiysk RUS"]
[Date "2013.12.01"]
[Round "4.6"]
[White "Bocharov,D"]
[Black "Artemiev,V"]
[Result "1/2-1/2"]
[WhiteElo "2602"]
[BlackElo "2570"]

1.Nf3 d5 2.c4 c6 3.e3 Nf6 4.Nc3 e6 5.b3 Bd6 6.Bb2 O-O 7.Qc2 e5 8.cxd5 cxd5
9.Nb5 Nc6 10.Nxd6 Qxd6 11.Rc1 Bg4 12.Qc5 Qe6 13.Qb5 Rab8 14.Be2 a6 15.Qa4 d4
16.O-O Rfd8 17.exd4 Bxf3 18.Bxf3 Nxd4 19.Bd1 Nc6 20.Bc3 Nd5 21.Bf3 f5 22.Bxd5 Rxd5
23.Rfe1 Rbd8 24.h3 h6 25.Re3 a5 26.Rce1 e4 27.g4 b5 28.gxf5 Rxf5 29.Qxe4 Qxe4
30.Rxe4 b4 31.Bb2 Rxd2 32.R1e2 Rfd5 33.Kf1 Rd1+ 34.Re1 R1d2 35.R4e2 Kh7 36.Rxd2 Rxd2
37.Re2 Rd1+ 38.Re1 Rd2 39.Re2 Rd1+ 40.Re1 Rd2 41.Re2  1/2-1/2

[Event "TCh-CZE Extraliga 2013-14"]
[Site "Pardubice CZE"]
[Date "2013.12.01"]
[Round "4.7"]
[White "Rehorek,M"]
[Black "Jirovsky,M"]
[Result "0-1"]
[WhiteElo "2315"]
[BlackElo "2480"]

1.Nf3 d5 2.c4 e6 3.g3 Nf6 4.Bg2 Nbd7 5.cxd5 exd5 6.O-O Be7 7.Nc3 O-O 8.d4 c6
9.a3 a5 10.Qc2 Re8 11.Rd1 Nb6 12.Bf4 g6 13.Ne5 Bf5 14.Qd2 Nfd7 15.g4 Be6
16.Nxd7 Qxd7 17.h3 a4 18.Qc2 f6 19.Rd3 Bf7 20.Rf3 Kg7 21.g5 fxg5 22.Be5+ Kg8
23.e4 Rf8 24.exd5 cxd5 25.Re1 Rae8 26.b3 Be6 27.Rg3 g4 28.hxg4 Bh4 29.bxa4 Nc4
30.Rf3 Rxf3 31.Bxf3 Rf8 32.Qe2 Qf7 33.Bg3 Bxg3 34.fxg3 Qxf3 35.Qxe6+ Kg7
36.Nxd5 Qxg3+ 37.Kh1 Rf2 38.Qe7+ Kh6 39.g5+ Qxg5 40.Qxg5+ Kxg5 41.Re7 Rd2
42.Rxb7 Rxd4 43.Nc3 Rd3 44.Ne4+ Kf4 45.Nc5 Rd5 46.Ne6+ Kf3 47.Rb5 Rd1+ 48.Kh2 h6
49.Rb3+ Ne3 50.a5 Rd6 51.Nc5 Rd2+ 52.Kh1 Rd1+ 53.Kh2 g5 54.Rd3 Ra1 55.Nb3 Ra2+
56.Kh1 g4 57.a6 g3 58.Kg1 Rg2+ 59.Kh1 Rf2 60.Nd2+ Ke2 61.a7 Rf8 62.Rd6 Rf1+
63.Nxf1 g2+ 64.Kh2 gxf1=Q 65.a8=Q Qf4+ 66.Kh3 Qg4+ 67.Kh2 Nf1+ 68.Kh1 Qh3+  0-1

[Event "ch-HUN w 2013"]
[Site "Heviz HUN"]
[Date "2013.12.03"]
[Round "1.1"]
[White "Goczo,M"]
[Black "Varga,Me"]
[Result "1-0"]
[WhiteElo "2223"]
[BlackElo "2184"]

1.Nf3 d5 2.c4 c6 3.b3 Nf6 4.e3 Bg4 5.Bb2 Nbd7 6.Be2 e6 7.O-O Bd6 8.h3 Bxf3
9.Bxf3 e5 10.cxd5 cxd5 11.d3 Qe7 12.Nc3 Qe6 13.Nb5 Bb8 14.Ba3 Nb6 15.Rc1 Qd7
16.Nc3 a6 17.Bc5 Nc8 18.e4 d4 19.Nd5 Nxd5 20.Bg4 Qd8 21.Bxc8 Qxc8 22.exd5 Qd7
23.Qd2 Bd6 24.Qb4 Bxc5 25.Qxc5 Qb5 26.Qd6 Rd8 27.Qxe5+ Kf8 28.Rfe1 Kg8 29.Qe7  1-0

[Event "9th Ugra Governor's Cup B"]
[Site "Khanty-Mansiysk RUS"]
[Date "2013.12.03"]
[Round "6"]
[White "Artamonov,V"]
[Black "Orekhov,N"]
[Result "1-0"]
[WhiteElo "2256"]
[BlackElo "2139"]

1.Nf3 d5 2.c4 e6 3.e3 Nf6 4.Be2 Bd6 5.Nc3 c6 6.b3 Qe7 7.Bb2 a5 8.Qc2 Na6
9.e4 Nb4 10.Qb1 dxe4 11.Nxe4 Nxe4 12.Qxe4 f5 13.Qb1 e5 14.a3 Na6 15.d4 e4
16.Nd2 O-O 17.Qc2 b6 18.g3 Bd7 19.c5 Nxc5 20.dxc5 Bxc5 21.Qc3 Rae8 22.Nc4 Be6
23.Ne3 Rf7 24.Bh5  1-0

[Event "IV JAHV McGregor 2013"]
[Site "Bogota COL"]
[Date "2013.12.05"]
[Round "3.76"]
[White "Perez Esparza,Juan Carlos"]
[Black "Peinado,E"]
[Result "0-1"]
[WhiteElo "1791"]
[BlackElo "2121"]

1.Nf3 d5 2.c4 e6 3.g3 Nf6 4.Bg2 c5 5.d4 Nc6 6.cxd5 Nxd5 7.O-O Be7 8.Nc3 Nxc3
9.bxc3 O-O 10.e4 b6 11.d5 Na5 12.Bf4 exd5 13.exd5 Bd6 14.Ne5 Ba6 15.Re1 Qc7
16.Qg4 Rae8 17.Nd7 Rxe1+ 18.Rxe1 f5 19.Bxd6 Qxd6 20.Qa4 Rd8 21.Ne5 Bb7 22.Qf4 Qf6
23.Rd1 Rd6 24.h3 g6 25.g4 fxg4 26.Qxf6 Rxf6 27.hxg4 Rd6 28.Kh2 Ba6 29.Kg3 Bc4
30.Nxc4 Nxc4 31.Re1 Kf7 32.Re2 b5 33.f4 Nb6 34.Rd2 a5 35.f5 gxf5 36.gxf5 Kf6
37.Kf4 b4 38.cxb4 axb4 39.Be4 h5 40.Rd3 c4 41.Rh3 Nxd5+ 42.Kf3 Ke5 43.Rxh5 Nf6
44.Rh4 Rd4  0-1

[Event "IV JAHV McGregor 2013"]
[Site "Bogota COL"]
[Date "2013.12.06"]
[Round "4.29"]
[White "Bacallao Alonso,Y"]
[Black "Almanza,R"]
[Result "1-0"]
[WhiteElo "2519"]
[BlackElo "2173"]

1.Nf3 d5 2.c4 c6 3.e3 Nf6 4.d4 a6 5.Qc2 g6 6.Bd3 Bg7 7.Nbd2 O-O 8.O-O Nbd7
9.h3 Re8 10.b3 c5 11.Bb2 cxd4 12.exd4 dxc4 13.bxc4 b6 14.a4 a5 15.Rfe1 Ba6
16.Rab1 Rc8 17.Bf1 Qc7 18.Qc3 e6 19.Ba3 Bb7 20.Rec1 Ne4 21.Qe3 Nxd2 22.Nxd2 e5
23.d5 Bf8 24.Ne4 f5 25.Bxf8 Rxf8 26.Ng5 Qd6 27.Ne6 Rf7 28.f4 e4 29.Nd4 Nc5
30.Nb5 Qf6 31.Rd1 Ba6 32.Nd4 Nxa4 33.Qb3 Nc5 34.Qxb6 Nd3 35.Qxf6 Rxf6 36.Bxd3 exd3
37.Nc6 Rfxc6 38.dxc6 Bxc4 39.Rbc1 Rxc6 40.Rxd3 Bxd3 41.Rxc6 a4 42.Rc7 Be2
43.Kf2 Bd1 44.Ke3 Bb3 45.Ra7 Bd5 46.g3 h6 47.Rxa4 Kg7 48.Kd4 Bg2 49.Ke5 h5
50.Ra7+ Kh6 51.h4 Be4 52.Kf6 Bd5 53.Rg7  1-0

[Event "ch-HUN w 2013"]
[Site "Heviz HUN"]
[Date "2013.12.06"]
[Round "4.5"]
[White "Varga,Kl"]
[Black "Papp,Petra"]
[Result "1/2-1/2"]
[WhiteElo "2211"]
[BlackElo "2305"]

1.Nf3 d5 2.c4 c6 3.g3 Bg4 4.Bg2 e6 5.b3 Nd7 6.Bb2 Ngf6 7.d3 Bd6 8.Nbd2 O-O
9.O-O Qe7 10.h3 Bxf3 11.Bxf3 Ba3 12.Qc1 Bxb2 13.Qxb2 a5 14.a3 e5 15.cxd5 cxd5
16.e4 dxe4 17.Nxe4 Nxe4 18.Bxe4 Qe6 19.b4 Rab8 20.Bg2 Qd6 21.Rfe1 axb4 22.axb4 Rfd8
23.Rad1 f5 24.Qb3+ Kh8 25.Qd5 Qxb4 26.d4 Nf6 27.Qe6 exd4 28.Qxf5 Re8 29.Rxe8+ Rxe8
30.Qf4 Rd8 31.Qc7 Qf8 32.Qxb7 h6 33.Rd3 Qc5 34.Kh2 Qc4 35.Qf3 Nd7 36.Rd1 Nc5
37.Qf4 Qa4 38.Rd2 Qd7 39.Qe5 Ne6 40.h4 Nf8 41.Be4 Nh7 42.Bxh7 Kxh7 43.Qe4+ Kg8
44.Rd3  1/2-1/2

[Event "IV JAHV McGregor 2013"]
[Site "Bogota COL"]
[Date "2013.12.07"]
[Round "6.114"]
[White "Nieto,M"]
[Black "Ricciulli Vargas,Roberth Eliece"]
[Result "0-1"]
[WhiteElo "2026"]
[BlackElo "1740"]

1.Nf3 d5 2.c4 e6 3.d4 Nf6 4.Nc3 Be7 5.cxd5 exd5 6.Bg5 O-O 7.Qc2 h6 8.Bh4 Be6
9.e3 Nbd7 10.Bd3 c6 11.O-O Qc7 12.Bg3 Qa5 13.a3 Nh5 14.b4 Qd8 15.b5 Nxg3
16.hxg3 Rc8 17.Qb3 Nb6 18.Ne5 c5 19.dxc5 d4 20.Qd1 Rxc5  0-1

[Event "FSFMB December 2013"]
[Site "Budapest HUN"]
[Date "2013.12.07"]
[Round "1.2"]
[White "Di Giovanni,V"]
[Black "Marcu,Simon"]
[Result "0-1"]
[WhiteElo "1810"]
[BlackElo "1885"]

1.Nf3 d5 2.c4 d4 3.b3 c5 4.Bb2 Nc6 5.g3 e5 6.d3 Bd6 7.Bg2 f5 8.Nbd2 Nf6 9.O-O O-O
10.e4 fxe4 11.Nxe4 Nxe4 12.dxe4 Bg4 13.h3 Bh5 14.a3 Qf6 15.g4 Bg6 16.Qe2 Rad8
17.Bc1 Be7 18.Qd3 Rd7 19.Bd2 Nd8 20.Bg5 Qd6 21.Bxe7 Qxe7 22.Rfb1 Ne6 23.Nxe5 Nf4
24.Nxg6 hxg6 25.Qf1 d3 26.Ra2 d2 27.Rd1 Rfd8 28.f3 Qe5 29.Qf2 Qc3 30.Bf1 Rd3
31.Bxd3 Nxh3+  0-1

[Event "52nd TCh-DEN XtraCon 2013-14"]
[Site "Denmark DEN"]
[Date "2013.12.08"]
[Round "3.6"]
[White "Jakobsen,P"]
[Black "Percivaldi,Martin"]
[Result "1/2-1/2"]
[WhiteElo "2214"]
[BlackElo "2169"]

1.Nf3 d5 2.c4 c6 3.g3 Nf6 4.Bg2 Bf5 5.cxd5 cxd5 6.Qb3 Qc8 7.Nc3 e6 8.d3 Nc6
9.Bf4 a6 10.Rc1 Qd7 11.O-O Be7 12.Na4 Na5 13.Qc2 Bd8 14.Ne5 Qe7 15.a3 O-O
16.b4 Nc6 17.Nxc6 bxc6 18.Qxc6 Qa7 19.Be3 Qb8 20.Bc5 Re8 21.e4 Bg6 22.e5 Bxd3
23.Bd6 Qa7 24.exf6 Bb5 25.Qc2 Qd7 26.Be5 Bxa4 27.Qc3 Bxf6 28.Bxf6 gxf6 29.Qxf6 Rac8
30.Rfe1 Rxc1 31.Rxc1 Rc8 32.Re1 Qd8 33.Qd4 Bb5 34.h4 Rc4 35.Qe5 Qf8 36.Qg5+ Qg7
37.Qd8+ Qf8 38.Qb6 Rc6 39.Qd4 Rc4 40.Qd2 Qg7 41.Kh2 Qf6 42.Re3 Qd4 43.Rd3 Qxd3
44.Qxd3 Rxh4+ 45.gxh4 Bxd3 46.Kg3 Kg7 47.Kf4 Kf6 48.Ke3 Bc4 49.Kd4 Kf5 50.a4 Kg4
51.Kc5 Kxh4 52.b5 axb5 53.axb5 Bxb5 54.Kxb5 Kg4 55.Kc5 h5 56.Kd4 Kf4  1/2-1/2

[Event "TCh-AUT 1st Bundesliga 2013-14"]
[Site "Jenbach AUT"]
[Date "2013.12.08"]
[Round "3.2"]
[White "Srienz,C"]
[Black "Bindrich,F"]
[Result "0-1"]
[WhiteElo "2300"]
[BlackElo "2564"]

1.Nf3 d5 2.c4 e6 3.d4 Nf6 4.Nc3 dxc4 5.e3 a6 6.a4 c5 7.Bxc4 Nc6 8.O-O Be7
9.Qe2 O-O 10.Rd1 Qc7 11.Bd2 Rd8 12.Be1 cxd4 13.exd4 Nd5 14.Rac1 Qd7 15.Bb3 Ncb4
16.Bd2 Qe8 17.Ne5 b6 18.Nxd5 Nxd5 19.a5 b5 20.Nc6 Rd6 21.Nxe7+ Qxe7 22.Rc5 Bb7
23.Rdc1 Rad8 24.Bxd5 Rxd5 25.Rxd5 Rxd5 26.Be3 h6 27.Qg4 Kh7 28.h3 Rd7 29.Rc5 Qf6
30.Qg3 Bd5 31.Rc8 b4 32.Qb8 g5 33.Qxb4 Rb7 34.Qf8 Qg7 35.Qxg7+ Kxg7 36.Ra8 Bc4
37.Rc8 Bd3 38.Rc3 Be4 39.f3 Bd5 40.Rc2 Kg6 41.Bd2 Rb3 42.Bc3 Kf5 43.Kf2 h5
44.g4+ Kg6 45.gxh5+ Kxh5 46.Kg3 Rb8 47.Be1 Rb3 48.Bc3 f6 49.Rh2 f5 50.f4 Rb7
51.fxg5 Kxg5 52.h4+ Kh5 53.Kf4 Rg7 54.Ke5 Rg4 55.b4 f4 56.Be1 f3 57.Bf2 Re4+
58.Kd6 Re2 59.Kc5 Rb2 60.Kb6 Bc4 61.Kc5 Bf1 62.d5 exd5 63.Kxd5 Bg2 64.Bd4 Rxb4  0-1

[Event "TCh-CZE Zapad 2013-14"]
[Site "Karlovy Vary CZE"]
[Date "2013.12.08"]
[Round "4.6"]
[White "Plesek,J"]
[Black "Fric,P"]
[Result "1/2-1/2"]
[WhiteElo "2147"]
[BlackElo "2031"]

1.Nf3 d5 2.c4 c6 3.g3 Nf6 4.Bg2 dxc4 5.O-O Bf5 6.Na3 e6 7.Nxc4 Nbd7 8.d3 Be7
9.e4 Bg6 10.Qe2 Nb6 11.Nce5 Bh5 12.h3 Bxf3 13.Nxf3 O-O 14.Be3 Qc7 15.Rac1 Rad8
16.Rfd1 Nbd7 17.Qc2 Qa5 18.d4 e5 19.dxe5 Nxe5 20.Nxe5 Qxe5 21.a3 Qa5 22.f4 h6
23.Qf2 Rxd1+ 24.Rxd1 Qa4 25.Rd4 Qb3 26.Rd2 b6 27.Kh2 Rd8 28.Rxd8+ Bxd8 29.Qd2 Be7
30.Bd4 Qe6 31.f5 Qd7 32.Qc3 Ne8 33.Be3 c5 34.Bf4 Bg5 35.Be5 Bf6 36.Bxf6 gxf6
37.Qe3 Kg7 38.Qf4 Qd6 39.Qg4+ Kh7 40.Qh5 Kg7 41.Qg4+ Kh7 42.Qh5 Kg7 43.Qg4+  1/2-1/2

[Event "5th Classic Open 2013"]
[Site "London ENG"]
[Date "2013.12.08"]
[Round "2.47"]
[White "Gislason,G"]
[Black "Kane,Robert"]
[Result "1-0"]
[WhiteElo "2318"]
[BlackElo "1866"]

1.Nf3 d5 2.c4 e6 3.e3 Nf6 4.b3 Be7 5.Bb2 O-O 6.Nc3 b6 7.Qc2 Bb7 8.Be2 Ne4
9.cxd5 Nxc3 10.Bxc3 Qxd5 11.h4 Nc6 12.Ng5 g6 13.Bf3 Qd6 14.Nxh7 e5 15.Nxf8 Rxf8
16.h5 Ba6 17.hxg6 Bd3 18.gxf7+ Rxf7 19.Qb2 Bf6 20.b4 Nd4 21.O-O-O c5 22.bxc5 bxc5
23.Rh6 Qc6 24.Qb8+ Rf8 25.Qxf8+ Kxf8 26.Bxc6 Kg7 27.Rxf6  1-0

[Event "6th Kolkata Open"]
[Site "Kolkata IND"]
[Date "2013.12.09"]
[Round "5.2"]
[White "Stopa,Ja"]
[Black "Ter Sahakyan,S"]
[Result "1/2-1/2"]
[WhiteElo "2488"]
[BlackElo "2562"]

1.Nf3 d5 2.c4 c6 3.e3 Nf6 4.Nc3 e6 5.b3 Bd6 6.Bb2 O-O 7.Qc2 e5 8.cxd5 cxd5
9.Nb5 Nc6 10.Nxd6 Qxd6 11.Bb5 Nb4 12.Qc3 Ne4 13.Qxe5 Qxe5 14.Nxe5 Nc2+ 15.Ke2 Nxa1
16.Rxa1 Be6 17.Nf3 Rfc8 18.Nd4 Rc7 19.Rg1 Nc5 20.f3 Rac8 21.Bd3 Bd7 22.g4 a6
23.Bc3 Re8 24.h4 b6 25.h5 Bc8 26.g5 Nxd3 27.Kxd3 Bd7 28.a3 Rc5 29.Rh1 Re5
30.Rg1 Re8 31.Rh1 Re5 32.Rg1 Re8 33.Rh1  1/2-1/2

[Event "6th Kolkata Open"]
[Site "Kolkata IND"]
[Date "2013.12.09"]
[Round "5.11"]
[White "Sengupta,D"]
[Black "Petrosyan,T1"]
[Result "1-0"]
[WhiteElo "2570"]
[BlackElo "2383"]

1.Nf3 d5 2.c4 c6 3.b3 Bg4 4.Bb2 e6 5.e3 Nf6 6.h3 Bh5 7.Be2 Nbd7 8.d4 Ne4
9.O-O Bd6 10.Nfd2 Bxe2 11.Qxe2 Ndf6 12.Nc3 Nxd2 13.Qxd2 O-O 14.Qc2 Qa5 15.a3 dxc4
16.bxc4 e5 17.Nb5 cxb5 18.dxe5 Ne8 19.exd6 Nxd6 20.c5 Rac8 21.Bxg7 Kxg7 22.Qb2+ f6
23.cxd6 Rfd8 24.Rfd1 Qb6 25.Rd5 Rc5 26.Rad1 Rxd5 27.Rxd5 Rxd6 28.Rg5+ Kh6
29.Rg3 Qc5 30.Kh2 Qc4 31.f4 Qd5 32.Qf2 f5 33.e4 Qd4 34.Re3 fxe4 35.Qh4+ Kg6
36.Rg3+ Kf7 37.Qxh7+ Ke6 38.Rg6+ Kd5 39.Qxb7+  1-0

[Event "5th Classic Open 2013"]
[Site "London ENG"]
[Date "2013.12.09"]
[Round "3.26"]
[White "Karavade,E"]
[Black "Stanisz,P"]
[Result "1-0"]
[WhiteElo "2380"]
[BlackElo "2165"]

1.Nf3 d5 2.c4 c6 3.g3 Nf6 4.Bg2 Nbd7 5.O-O e6 6.Qc2 b5 7.d3 bxc4 8.dxc4 Ba6
9.Nbd2 Be7 10.b3 O-O 11.Bb2 Qa5 12.Rfd1 Ba3 13.Bxa3 Qxa3 14.e4 Qc5 15.Rac1 Rac8
16.h3 Nb6 17.Bf1 Nh5 18.Qb2 Qe7 19.cxd5 Bxf1 20.d6 Qxd6 21.Nxf1 Qe7 22.e5 f6
23.exf6 Nxf6 24.Re1 Nfd5 25.Nd4 Rf6 26.Nxc6 Qd6 27.Ne5 Rcf8 28.Rc6 Qb4 29.Re2 h5
30.a3 Qe7 31.h4 Qe8 32.Qc2 Rf5 33.Nd2 g5 34.hxg5 h4 35.g6 hxg3 36.fxg3 Rg5
37.Kh2 Rff5 38.Ndf3 Rxf3 39.Nxf3 Rxg6 40.Rd6 Rh6+ 41.Kg2 Rg6 42.Qe4 Qf7 43.Rd8+ Kg7
44.Qe5+ Rf6 45.Ng5 Qe7 46.Nxe6+  1-0

[Event "5th Classic Open 2013"]
[Site "London ENG"]
[Date "2013.12.09"]
[Round "3.21"]
[White "Rahman,Zia"]
[Black "Berry,N"]
[Result "1-0"]
[WhiteElo "2496"]
[BlackElo "2242"]

1.Nf3 d5 2.c4 e6 3.b3 Nf6 4.g3 c5 5.Bb2 Nc6 6.e3 d4 7.exd4 cxd4 8.Bg2 Be7
9.O-O O-O 10.Re1 Ne8 11.Ne5 Nxe5 12.Rxe5 f6 13.Re1 e5 14.d3 Nc7 15.Ba3 Bxa3
16.Nxa3 Rb8 17.Nc2 Bf5 18.Qd2 Kh8 19.f4 Re8 20.fxe5 fxe5 21.Rf1 Bg6 22.Rae1 Qd6
23.Be4 Bxe4 24.Rxe4 Ne6 25.b4 h6 26.h4 Nf8 27.Qe2 Qg6 28.Kg2 Nd7 29.h5 Qc6
30.b5 Qd6 31.Nxd4 Nc5 32.Nf5 Qxd3 33.Qxd3 Nxd3 34.Nd6 Re6 35.Nf7+ Kg8 36.Rf3 Rf8
37.Nxh6+ Rxh6 38.Rxd3 Rxh5 39.g4 Rg5 40.Rd5 b6 41.a4 Rf7 42.c5 bxc5 43.Rxc5 Rg6
44.Rcxe5 a6 45.Rc5 axb5 46.axb5 Rb7 47.Kg3 Rgb6 48.Ree5 Rd6 49.Red5 Re6 50.Re5 Rd6
51.Rcd5 Rf6 52.Re8+ Kf7 53.Re4 Rfb6 54.Rb4 Ke6 55.Rg5 Kf6 56.Rf5+ Kg6 57.Kf4 Re6
58.Re5 Rd6 59.Rg5+ Kf6 60.Rc5 g6 61.Rbc4 Rd1 62.Rc6+ Ke7 63.b6 Rd6 64.Rc7+ Rd7
65.Rxb7 Rxb7 66.Rc7+ Rxc7 67.bxc7 Kd7 68.Kg5  1-0